Manufacturing Engineering & Technology (Record no. 397097)

MARC details
000 -LEADER
fixed length control field 00542 a2200217 4500
005 - DATE & TIME
control field 20260406151425.0
008 - FIXED-LENGTH DATA ELEMENTS--GENERAL INFORMATION
fixed length control field 260406b |||||||| |||| 00| 0 eng d
020 ## - ISBN
International Standard Book Number 9789357052450
Price Rs. 1430.00
040 ## - CATALOGING SOURCE
Original cataloging agency VIVEKANANDA LIBRARY
082 ## - DDC NUMBER
Classification number 620.11
Book Number K127M(8)
100 ## - MAIN ENTRY--PERSONAL NAME
Personal name Kalpakjian, Serope
245 ## - TITLE STATEMENT
Title Manufacturing Engineering & Technology
250 ## - EDITION STATEMENT
Edition statement 8th
260 ## - PUBLICATION, DISTRIBUTION, ETC. (IMPRINT)
Name of publisher, distributor, etc Pearson
Place of publication, distribution, etc Noida
Date of publication, distribution, etc 2025
300 ## - PHYSICAL DESCRIPTION
Pages 1312
650 ## - Subject
Subject Techonology
650 ## - Subject
Subject Manufacturing
650 ## - Subject
Subject Engineering
700 ## - Added Entry Personal Name
Added Entry Personal Name Schmid, Steven R
942 ## - ADDED ENTRY ELEMENTS (KOHA)
Koha item type Books
Holdings
Withdrawn status Lost status Source of classification or shelving scheme Damaged status Not for loan Location (home branch) Sublocation or collection (holding branch) Shelving location Date acquired Koha issues (times borrowed) Koha full call number Accession No. Koha date last seen Koha item type
    Dewey Decimal Classification     VIVEKANANDA LIBRARY VIVEKANANDA LIBRARY UIET Library 25/03/2026   620.11 K127M(8) 431191 25/03/2026 Books
    Dewey Decimal Classification     VIVEKANANDA LIBRARY VIVEKANANDA LIBRARY UIET Library 25/03/2026   620.11 K127M(8) 431189 25/03/2026 Books
    Dewey Decimal Classification     VIVEKANANDA LIBRARY VIVEKANANDA LIBRARY UIET Library 25/03/2026   620.11 K127M(8) 431188 25/03/2026 Books
    Dewey Decimal Classification     VIVEKANANDA LIBRARY VIVEKANANDA LIBRARY UIET Library 25/03/2026   620.11 K127M(8) 431190 25/03/2026 Books
© Designed and Maintained by Vivekananda Library, MDU Rohtak